000 00460cam a22001934a 4500
005 20250605164254.0
008 250528s ||||||||||||||||||||||||d
035 _a21876
020 _a9780135701102
040 _aGR-AtMCL
_bgre
_dGR-AtMCL
_eAACR2
245 1 _aTHE ESSENCE OF DIGITAL DESIGN
250 _a1
260 _bPrentice Hall,
_c1998
300 _a227
700 1 _aWilkinson Barry
_97774
942 _cBK
999 _c6934
_d6934